| 000 | 00618nam a22001817a 4500 | ||
|---|---|---|---|
| 005 | 20231108100429.0 | ||
| 008 | 231108b |||||||| |||| 00| 0 eng d | ||
| 022 | _20702125938 | ||
| 041 | _aEnglish / Afrikaans | ||
| 082 | _a345.3 NEE | ||
| 100 |
_aNeethling, J ; Potgieter, JM and Scott, TJ _lEnglish / Afrikaans |
||
| 245 |
_aCase Book on the Law of Delict / _cJ Neethling, JM Potgieter and TJ Scott |
||
| 250 | _aFirst Edition | ||
| 260 |
_aCape Town : _bJuta and Company Ltd, _c1991 |
||
| 300 |
_bxv, 765 pages ; _c25,5 cm. |
||
| 650 |
_aLegal practice _bLaw |
||
| 942 |
_cBK _6ALISON_BN_VRIES |
||
| 999 |
_c414 _d414 |
||